LEADER 00845nas a2200193 i 4500 001 000000001865 003 CaOOAMICUS 005 20211213143715.0 008 180830c20019999it zx u0 z|ita u 040 $aSeMil$bita 245 10$aCommentario Paideia. Nuovo Testamento$h[generale di collana]. 264 1$aBrescia :$bPaideia,$c2001- 300 $av. ;$c22 cm. 830 0$aCommentario Paideia. Nuovo Testamento.$0(OLS)http://semarc/title/3069 850 $aSeMil 852 $aSeMil$W1$xVenegono$y1$mVedi "Titolo uniforme di collana" per le collocazioni dei singoli volumi$j222888$qSottoscrizione aperta$B239983$CSeMilBibl$Z2$F239983 $81 996 $6245$aCommentario Paideia. Nuovo Testamento$h[generale di collana]$9(OLS)http://semarc/title/438383 996 $6264$aBrescia :$bPaideia$9(OLS)http://semarc/publisher/29614 LEADER 01263nam a2200325 i 4500 001 000000125435 003 CaOOAMICUS 005 20051109000000.0 008 051109s1990 it u000 u mul u 013 $a98136 020 $a88-04-33131-3 040 $aSeMil$bita 100 1 $aWordsworth, William.$0(OLS)http://semarc/name/52117 240 14$aThe prelude.$0(OLS)http://semarc/title/184731 245 13$aIl preludio /$cWilliam Wordsworth ; a cura di Massimo Bacigalupo. 260 $aMilano :$bArnoldo Mondadori Editore,$c1990. 300 $a524 p. ;$c19 cm. 490 0 $aGli Oscar Mondadori. Poesia ;$v45 490 0 $aOscar Mondadori 500 $aFondo Ciprandi. 700 1 $aBacigalupo, Massimo,$d<1947- >.$0(OLS)http://semarc/name/93213 830 0$aOscar poesia ;$v45.$0(OLS)http://semarc/title/2778 830 0$aOscar.$0(OLS)http://semarc/title/8669 850 $aSeMil 852 $aSeMil$W1$xVenegono$y1$m1V II 42$j79890$B79890$CSeMilBibl$Z2$F105476 $81 941 1 $a1 961 $aOmaggio: Ciprandi dott. Paolo 996 $6020$a88-04-33131-3$9(OLS)http://semarc/number/111370 996 $6245$aIl preludio$9(OLS)http://semarc/title/184730 996 $6260$aMilano :$bArnoldo Mondadori Editore$9(OLS)http://semarc/publisher/30056